Object oriented software engineering : (Record no. 129833)

MARC details
000 -LEADER
fixed length control field 00847cam a22002654a 4500
008 - FIXED-LENGTH DATA ELEMENTS--GENERAL INFORMATION
fixed length control field
020 ## - INTERNATIONAL STANDARD BOOK NUMBER
International Standard Book Number 0131911791 (pbk.)
049 ## - LOCAL HOLDINGS (OCLC)
Holding library MAIN
090 ## - LOCALLY ASSIGNED LC-TYPE CALL NUMBER (OCLC); LOCAL CALL NUMBER (RLIN)
Classification number (OCLC) (R) ; Classification number, CALL (RLIN) (NR) QA76.758
Local cutter number (OCLC) ; Book number/undivided call number, CALL (RLIN) BRU
003 - CONTROL NUMBER IDENTIFIER
control field
005 - DATE AND TIME OF LATEST TRANSACTION
control field 20230123122221.0
040 ## - CATALOGING SOURCE
Transcribing agency NUST
100 1# - MAIN ENTRY--PERSONAL NAME
Personal name Bruegge, Bernd
245 10 - TITLE STATEMENT
Title Object oriented software engineering :
Remainder of title using UML, patterns, and Java /
Statement of responsibility, etc. Bernd Bruegge & Allen H. Dutoit
250 ## - EDITION STATEMENT
Edition statement 2nd ed.
260 ## - PUBLICATION, DISTRIBUTION, ETC.
Place of publication, distribution, etc. Upper Saddle River
Name of publisher, distributor, etc. Pearson education,
Date of publication, distribution, etc. 2004
300 ## - PHYSICAL DESCRIPTION
Extent xxxiv, 762 p. :
Other physical details ill ;
Dimensions 24 cm.
500 ## - GENERAL NOTE
General note Includes index.
504 ## - BIBLIOGRAPHY, ETC. NOTE
Bibliography, etc. note Includes bibliographical references.
650 #0 - SUBJECT ADDED ENTRY--TOPICAL TERM
Topical term or geographic name entry element Software engineering
650 #0 - SUBJECT ADDED ENTRY--TOPICAL TERM
Topical term or geographic name entry element Object-oriented programming (Computer science)
700 1# - ADDED ENTRY--PERSONAL NAME
Personal name Dutoit, Allen H
907 ## - LOCAL DATA ELEMENT G, LDG (RLIN)
a .b10374504
b 27-07-16
c 27-07-16
942 ## - ADDED ENTRY ELEMENTS (KOHA)
Koha item type Ordinary Loan Books
Call number prefix QA76.758
Call number suffix BRU
Holdings
Date last seen Total Checkouts Full call number Barcode Cost, replacement price Price effective from Koha item type Lost status Source of classification or shelving scheme Damaged status Not for loan Collection Withdrawn status Home library Current library Shelving location Date acquired Cost, normal purchase price
01/23/2023   QA76.758 BRU 92004038057 80.00 01/23/2023 BOOKS   LCC     NFIC   MAIN MAIN GEN 01/23/2023 80.00